Responses for Show #1903 - Wednesday, December 9, 1992

Contestants

[<< previous game]

Regi Merwin, a costumer originally from Middletown, Connecticut

John Godfrey, a science policy analyst originally from Austin, Texas

Linda Kissling, an educational media specialist from Cape May, New Jersey

[next game >>]

Jeopardy! Round responses

THE HUMAN BODY
DANS & DANIELS
CORN
AMERICAN HISTORY
COLORS
QUOTABLE QUOTES
    $100 3
lisping

Regi
    $100 22
Dan Rather

Regi
    $100 20
feed for cattle (or other animals)

John
    $100 14
the Pacific

John
    $100 1
silver

Linda
    $100 11
Hollywood

Linda
    $200 4
calcium

Regi
    $200 25
Daniel Boone

Linda
    $200 23
(Linda: What is a silo?)

a corn crib

LindaRegi
    $200 15
John Adams

Linda
    $200 2
brown

John
    $200 12
(John: What is psychology?)
(Regi: What is psychoanalysis?)

psychiatrist (psychiatry)

LindaJohnRegi
    $300 5
color blindness

John
    $300 28
Dan Marino

John
    $300 24
(Regi: What is Jolly Time?)

Orville Redenbacher

JohnRegi
    $300 18
Cuba

John
    $300 8
black

Linda
    $300 13
broken

John
    $400 6
a face lift

John
    $400 29
Dan Travanti

John
    $400 26
Adonis

Linda
    $400 19
the Pueblo

Linda
    $400 9
(Regi: What are roses?)

the pink

Regi
Triple Stumper
    $400 16
poetry

Linda
    $500 7
digit

Linda
    $500 30
Daniel Webster

Linda
    $500 27
the germ

Regi
    $1,300 21
(John: Who is Nash?)

Thomas Nast

John
    $500 10
white

Linda
    $500 17
Shaw

Regi

Scores at the first commercial break (after clue 15):

Linda John Regi
$1,900 $1,100 -$300

Scores at the end of the Jeopardy! Round:

Linda John Regi
$3,600 $1,200 $700

Double Jeopardy! Round responses

WORLD FACTS
ANTHROPOLOGY
AWARDS
SPY FICTION
POLITICIANS
THE ARTS
    $200 9
Munich

Linda
    $200 10
language

John
    $200 19
Emmys

Linda
    $200 25
James Fenimore Cooper

Linda
    $200 2
Minnesota

Linda
    $200 1
Buenos Aires

John
    $400 15
wrestling

John
    $400 11
the Philippines

John
    $400 20
trains (railroad)

John
    $400 26
John le Carré

John
    $400 6
New York

Triple Stumper
    $400 3
four

Regi
    $600 16
Sweden

Linda
    $600 12
(John: Who is Goodall?)

Margaret Mead

JohnRegi
    $600 21
(John: Who is Gwen Martin?)
(Linda: Who is Dole?)
(Alex: Be more specific.)

Elizabeth Dole

LindaJohn
    $600 27
[NOTE: Regi did not include the leading article in her response.]

The Day of the Jackal

Regi
    $600 7
(John: Who is Rockefeller?)

Robert Byrd

John
Triple Stumper
    $600 4
(Giuseppe) Verdi

Regi
    $800 17
Honshu

John
    $800 13
primatology

Regi
    $800 23
Ginsberg

Regi
    $800 28
Agatha Christie

Triple Stumper
    $800 8
(John: Obviously, I need to get out of POLITICIANS.)
[Laughter]

Margaret Chase Smith

Triple Stumper
    $800 5
Stalingrad

John
    $1000 18
the Palatine

Linda
    $2,000 14
(Regi: What is, uh... the Piltdown Man?)

Cro-Magnon

Regi
    $1000 24
(Linda: Who is Einstein?)

(Enrico) Fermi

LindaJohn
    $1000 29
(John: Who is Len Deighton?)

Ken Follett

John
Triple Stumper
    $500 30
(Regi: Who are Johnson and, um... Connally?)

(2 of) John Nance Garner, Sam Rayburn & James Wright

Regi
    $1000 22
(Regi: Who is Leo X?)

Julius II

Regi
Triple Stumper

Scores at the end of the Double Jeopardy! Round:

Linda John Regi
$5,600 $3,000 $1,000

[wagering suggestions for these scores]

Final Jeopardy! Round responses

BALLET
RegiWhat is Sleeping Beauty?
$990
JohnWhat is The Rites of Spring
$2,990
LindaWhat is Sleeping Beauty?
$600
Sleeping Beauty

Final scores:

Linda John Regi
$6,200 $10 $1,990
New champion: $6,200 3rd place: General Instrument satellite TV system + Jeopardy! & Wheel of Fortune for Super Nintendo & Sega Genesis+ Jeopardy! home game 2nd place: a trip on Luthansa to London & stay at Conrad London + Jeopardy! home game

Game dynamics:

Coryat scores:

Linda John Regi
$5,600 $4,300 $3,500
19 R,
2 W
19 R,
6 W
(including 1 DD)
12 R,
6 W
(including 2 DDs)

Combined Coryat: $13,400

[game clues] [game scores] [suggest correction]

Game tape date: 1992-08-31
The J! Archive is created by fans, for fans. Scraping, republication, monetization, and malicious use prohibited; this site may use cookies and collect identifying information. See terms. The Jeopardy! game show and all elements thereof, including but not limited to copyright and trademark thereto, are the property of Jeopardy Productions, Inc. and are protected under law. This website is not affiliated with, sponsored by, or operated by Jeopardy Productions, Inc. Join the discussion at JBoard.tv.